Thermal Decomposition and Combustion of Explosive and Propellant (Record no. 609165)

000 -LEADER
fixed length control field 00289nam a22001097a 4500
040 ## - CATALOGING SOURCE
Transcribing agency SCME
100 ## - MAIN ENTRY--PERSONAL NAME
Personal name Nazin.G.M
9 (RLIN) 122721
245 ## - TITLE STATEMENT
Title Thermal Decomposition and Combustion of Explosive and Propellant
260 ## - PUBLICATION, DISTRIBUTION, ETC.
Place of publication, distribution, etc. New York
Name of publisher, distributor, etc. Taylor & Francis
Date of publication, distribution, etc. 2003
300 ## - PHYSICAL DESCRIPTION
Extent 362p.
942 ## - ADDED ENTRY ELEMENTS (KOHA)
Source of classification or shelving scheme
Koha item type Book
Holdings
Withdrawn status Lost status Source of classification or shelving scheme Damaged status Not for loan Permanent Location Current Location Date acquired Total Checkouts Full call number Barcode Date last seen Price effective from Koha item type
          School of Chemical & Materials Engineering (SCME) School of Chemical & Materials Engineering (SCME) 05/17/2024   623.452 N335T SCME-4237 05/17/2024 05/17/2024 Book
© 2023 Central Library, National University of Sciences and Technology. All Rights Reserved.